00467 2200193 4500001002100000005001500021035002000036007000300056008004100059020002200100082000800122084001400130100001500144245003100159250000600190260004500196300002200241600001000263INLIS00000000000088720220611095309 a0010-0622000031ta220611 d f ind  a978-602-03-4269-6 a895 a895 LIY a0 aLiye, Tere1 aAbout Friends /cTere Liye a2 aJakarta :bGramedia Pustaka Utama,c2017 a128 hlm. ;c19 cm 4aNovel